Languages of Ireland Quiz Stats

 Plays Quiz not verified by Sporcle

Challenge
Share
Tweet
Embed
Score 0/30 Timer 04:00
0 Plays Today
Number of Speakers Language % Correct
119,526Polish
95%
56,430French
95%
27,342German
92.9%
21,640Spanish
92.9%
22,446Russian
91.4%
15,166Chinese (All)
90%
10,344Italian
90%
11,902Portuguese
85%
11,834Arabic
79.3%
2,022Swedish
77.1%
4,947Dutch
75%
4,180Hindi
75%
20,625Romanian
74.3%
31,635Lithuanian
71.4%
12,996Latvian
70%
Number of Speakers Language % Correct
7,625Hungarian
67.1%
5,307Czech
64.3%
2,078Ukrainian
62.9%
9,841Slovak
62.1%
1,839Bulgarian
58.6%
8,443Urdu
57.9%
6,680Filipino
52.9%
6,190Tagalog
52.9%
3,192Bengali
50%
1,764Albanian
43.6%
1,737Malay
40.7%
2,297Afrikaans
26.4%
10,093Yoruba
20.7%
3,875Igbo
16.4%
8,849Malayalam
8.6%

You're not logged in!

Compare scores with friends on all Sporcle quizzes.
OR
Log In

You Might Also Like...

Show Comments

Extras

Top Quizzes Today


Score Distribution

Your Account Isn't Verified!

In order to create a playlist on Sporcle, you need to verify the email address you used during registration. Go to your Sporcle Settings to finish the process.

Report this User

Report this user for behavior that violates our Community Guidelines.

Details: